00544nam a2200193 a 4500001001300000003000900013005001700022008004100039020002600080082001300106100002200119245007300141260003300214300000900247500003500256505001000291650002700301700002200328nice12345678IN_TiNIC20260116013201.0050524s1991 newa grp 000 0 eng  a0883441 c968.2400a208bLUZ aLuzbetak, Louis J aChurch and Culturesb New Perspectives in Missiological Anthropology aNew YorkbOrbis Books c1991 a464p aincludes index and biblioraphy2 aIndex aAnthropology-Christian1 aLuzbetak, Louis J